Skip to content
VuFind
Login
All Fields
Title
Author
Subject
Call Number
ISBN/ISSN
Tag
Find
Advanced
Duryogaya
Cite this
Text this
Email this
Print
Export Record
Export to RefWorks
Export to EndNoteWeb
Export to EndNote
Export to MARC
Export to BibTeX
Export to RIS
Save to List
Permanent link
Duryogaya
Saved in:
Bibliographic Details
Main Author:
Welisarage, Kierthi
Format:
Book
Published:
Colombo
S. Godage
1999
Subjects:
Sinhalese fiction
Tags:
Add Tag
No Tags, Be the first to tag this record!
Holdings
Description
Comments
Similar Items
Staff View
MARC
LEADER
00000nam a2200000 a 4500
020
|a
9789552036835
082
|a
891.483
100
|a
Welisarage, Kierthi
245
|a
Duryogaya
260
|a
Colombo
|b
S. Godage
|c
1999
300
|a
336p. ; 21cm.
653
|a
Sinhalese fiction
942
|c
AFW
999
|c
62397
|d
62397
Similar Items
Duryogaya
by: Welisarage, Keerthi
Published: (2012)
Kala sarpa - navakathava
by: Welisarage, Kirthi
Published: (2012)
Chandanata lokayak
by: Welisarage, Kirthi
Published: (2004)
Daduru giri kulu
by: Welisarage, Keerthi
Published: (2009)
The Doomed ( a novel)
by: Welisarage, Keerthi
Published: (2009)